[Event "Junior Online 4NCL Division 4"]
[Site "online"]
[Date "2022.02.03"]
[EventDate "2022.02.03"]
[Round "2.138"]
[White "Szajman, Benjamin"]
[WhiteElo "790"]
[WhiteTeam "Edgware Gambits H"]
[Black "Henton, George"]
[BlackElo "670"]
[BlackTeam "The Hall 3"]
[Result "1-0"]
[PlyCount "81"]

1. e4 e5 2. Nf3 Nc6 3. Bc4 Nf6 4. d3 Bc5 5. O-O O-O 6. Bg5 h5 7. Nbd2 d6 8. Nb3 Ng4 9. Bxd8 Rxd8 10. Nxc5 dxc5 11. Qd2 Nd4 12. Nxd4 Rxd4 13. Bb5 c6 14. Bxc6 bxc6 15. Qc3 Be6 16. h3 Nf6 17. Rae1 Bxa2 18. Qa3 Be6 19. Qxc5 Nd7 20. Qa5 a6 21. Qa1 a5 22. h4 a4 23. c3 Rxd3 24. Re3 Rd2 25. Ree1 Bc4 26. Rd1 Bxf1 27. Rxd2 Bc4 28. Rxd7 a3 29. bxa3 f6 30. Rc7 Ra6 31. Rc8+ Kh7 32. a4 Bb3 33. Qa3 Rxa4 34. Qxb3 Ra1+ 35. Kh2 g5 36. hxg5 fxg5 37. Qb6 Kg6 38. Qxc6+ Kg7 39. Rd8 Kf7 40. Rd7+ Kf8 41. Qc8# 1-0

[Event "Junior Online 4NCL Division 4"]
[Site "online"]
[Date "2022.02.03"]
[EventDate "2022.02.03"]
[Round "2.142"]
[White "Kuchibhatla, Ishaan Sai"]
[WhiteElo "1187"]
[WhiteTeam "Uxbridge D"]
[Black "Hill, Thomas"]
[BlackElo "800"]
[BlackTeam "Manchester Check Mates"]
[Result "1-0"]
[PlyCount "40"]

1. e4 e5 2. Nf3 Bb4 3. a3 Bc5 4. Nc3 Bd4 5. d3 Bxc3+ 6. bxc3 d6 7. Be3 Bg4 8. h3 Bxf3 9. Qxf3 f6 10. d4 exd4 11. Bxd4 c5 12. Be3 d5 13. exd5 Ke7 14. Bxc5+ Kd7 15. Bb5+ Kc8 16. Qg4+ Kc7 17. d6+ Qxd6 18. Bxd6+ Kxd6 19. Qxg7 Nh6 20. Qxf6+ Kc5 1-0

[Event "Junior Online 4NCL Division 4"]
[Site "online"]
[Date "2022.02.03"]
[EventDate "2022.02.03"]
[Round "2.143"]
[White "Zhu, Martin"]
[WhiteElo "800"]
[WhiteTeam "Manchester Check Mates"]
[Black "Mangalagiri, Pranav"]
[BlackElo "1164"]
[BlackTeam "Uxbridge D"]
[Result "0-1"]
[PlyCount "62"]

1. e4 c5 2. Bc4 Nc6 3. Nf3 d6 4. Nc3 Nf6 5. O-O Bg4 6. Re1 Ne5 7. Nxe5 dxe5 8. f3 Bxf3 9. Qxf3 Qd4+ 10. Qf2 Qxc4 11. d3 Qa6 12. Qxc5 Qd6 13. Qb5+ Qc6 14. Qxe5 Ng4 15. Qg3 Qb6+ 16. Be3 Nxe3 17. Rxe3 Qxb2 18. Qe1 Qxc2 19. Nd5 Rc8 20. Qe2 Qxe2 21. Rxe2 e6 22. Ne3 Bc5 23. Rc1 Bxe3+ 24. Rxe3 Rxc1+ 25. Kf2 Rc2+ 26. Re2 Rxe2+ 27. Kxe2 O-O 28. h4 Rc8 29. a4 a6 30. g3 b5 31. a5 b4 0-1

[Event "Junior Online 4NCL Division 4"]
[Site "online"]
[Date "2022.02.03"]
[EventDate "2022.02.03"]
[Round "2.144"]
[White "Mathew, Aidan"]
[WhiteElo "1154"]
[WhiteTeam "Uxbridge D"]
[Black "Al-azami, Hana"]
[BlackElo "800"]
[BlackTeam "Manchester Check Mates"]
[Result "1-0"]
[PlyCount "73"]

1. d4 d5 2. e4 Nf6 3. Nc3 Nc6 4. Nge2 Bg4 5. f3 e5 6. dxe5 Nxe5 7. fxg4 Nexg4 8. Nd4 Bc5 9. Bb5+ c6 10. Nxc6 Qd7 11. Ne5 Bf2+ 12. Kf1 O-O-O 13. Nxd7 Nxd7 14. Qxg4 Rhe8 15. Bg5 f6 16. Bxd7+ Rxd7 17. Kxf2 fxg5 18. Qxg5 Kc7 19. Nxd5+ Kc6 20. Nb4+ Kc7 21. Qc5+ Kb8 22. Rad1 Rc8 23. Qf5 Rxd1 24. Rxd1 a5 25. Qe5+ Ka7 26. Qd4+ Kb8 27. Nd5 Rxc2+ 28. Kg1 a4 29. Qxa4 Rxb2 30. Qe8+ Ka7 31. Nc3 Rc2 32. Qa4+ Kb6 33. Qxc2 g5 34. Rd6+ Kc5 35. Rd5+ Kc4 36. Na4+ Kb4 37. Qb3# 1-0

[Event "Junior Online 4NCL Division 4"]
[Site "online"]
[Date "2022.02.03"]
[EventDate "2022.02.03"]
[Round "2.146"]
[White "Hill, Thomas"]
[WhiteElo "800"]
[WhiteTeam "Manchester Check Mates"]
[Black "Kuchibhatla, Ishaan Sai"]
[BlackElo "1187"]
[BlackTeam "Uxbridge D"]
[Result "0-1"]
[PlyCount "29"]

1. d4 d5 2. e4 dxe4 3. c3 e6 4. Be3 Nf6 5. Qa4+ c6 6. Bc4 b5 7. Qb3 bxc4 8. Qxc4 Ba6 9. Qa4 Bb5 10. Qb3 Ng4 11. c4 Ba6 12. d5 exd5 13. Bb6 Qxb6 14. Qxb6 axb6 15. f3 0-1

[Event "Junior Online 4NCL Division 4"]
[Site "online"]
[Date "2022.02.03"]
[EventDate "2022.02.03"]
[Round "2.147"]
[White "Mangalagiri, Pranav"]
[WhiteElo "1164"]
[WhiteTeam "Uxbridge D"]
[Black "Zhu, Martin"]
[BlackElo "800"]
[BlackTeam "Manchester Check Mates"]
[Result "1-0"]
[PlyCount "60"]

1. e4 e5 2. Nf3 d6 3. Bc4 Nf6 4. Nc3 Bg4 5. h3 Bxf3 6. Qxf3 Nc6 7. O-O g6 8. d3 Bg7 9. Bg5 O-O 10. Nd5 Nd4 11. Nxf6+ Bxf6 12. Qxf6 Qxf6 13. Bxf6 Nxc2 14. Rac1 Nd4 15. Bd5 Ne2+ 16. Kh1 Nxc1 17. Rxc1 c6 18. Bb3 Rae8 19. Bg5 d5 20. Bh6 dxe4 21. dxe4 Rd8 22. Bxf8 Kxf8 23. Kh2 Rd2 24. f3 Rxb2 25. Rc5 f6 26. Ra5 a6 27. Rc5 Rd2 28. Be6 Rd6 29. Bc8 b5 30. Bxa6 b4 1-0

[Event "Junior Online 4NCL Division 4"]
[Site "online"]
[Date "2022.02.03"]
[EventDate "2022.02.03"]
[Round "2.148"]
[White "Al-azami, Hana"]
[WhiteElo "800"]
[WhiteTeam "Manchester Check Mates"]
[Black "Mathew, Aidan"]
[BlackElo "1154"]
[BlackTeam "Uxbridge D"]
[Result "0-1"]
[PlyCount "62"]

1. e4 e5 2. Nf3 Nc6 3. Nc3 Nf6 4. Bc4 Nxe4 5. Nxe4 d5 6. Nd6+ Qxd6 7. Bb5 Qd7 8. Bxc6 Qxc6 9. Nxe5 Qe6 10. Qe2 Bd6 11. Qb5+ c6 12. Qe2 O-O 13. d4 Bxe5 14. dxe5 d4 15. O-O Qg6 16. c3 Bh3 17. Qf3 Bg4 18. Qg3 dxc3 19. bxc3 f6 20. exf6 Rxf6 21. h3 h5 22. hxg4 hxg4 23. Qh4 Qh6 24. Qxg4 Qh7 25. Qh4 Qxh4 26. g3 Qh7 27. Bg5 Rf5 28. f4 Rd5 29. Rfe1 Rd2 30. Rad1 Qh2+ 31. Kf1 Qf2# 0-1

[Event "Junior Online 4NCL Division 4"]
[Site "online"]
[Date "2022.02.03"]
[EventDate "2022.02.03"]
[Round "2.151"]
[White "Cole, Ted"]
[WhiteElo "850"]
[WhiteTeam "Surrey Kings 5"]
[Black "Tanisetty, Hemesh"]
[BlackElo "1000"]
[BlackTeam "Uxbridge F"]
[Result "0-1"]
[PlyCount "24"]

1. e4 e5 2. Nc3 f5 3. Qh5+ g6 4. Qe2 Nf6 5. exf5 gxf5 6. Qxe5+ Be7 7. Qxf5 Rf8 8. d4 Ng8 9. Qxh7 Bg5 10. Bc4 Qf6 11. Bxg8 Qxf2+ 12. Kd1 Qf1# 0-1

[Event "Junior Online 4NCL Division 4"]
[Site "online"]
[Date "2022.02.03"]
[EventDate "2022.02.03"]
[Round "2.152"]
[White "Tanisetty, Mithul"]
[WhiteElo "1000"]
[WhiteTeam "Uxbridge F"]
[Black "Choi, Ethan"]
[BlackElo "927"]
[BlackTeam "Surrey Kings 5"]
[Result "0-1"]
[PlyCount "25"]

1. e4 e5 2. Nf3 Nc6 3. Bc4 Bc5 4. d3 Nf6 5. Nc3 O-O 6. Bg5 Re8 7. Nd5 d6 8. Nxf6+ gxf6 9. Bh6 Bg4 10. h3 Bxf3 11. Qxf3 f5 12. Qg3+ Kh8 13. Qg7# 1-0

[Event "Junior Online 4NCL Division 4"]
[Site "online"]
[Date "2022.02.03"]
[EventDate "2022.02.03"]
[Round "2.155"]
[White "Tanisetty, Hemesh"]
[WhiteElo "1000"]
[WhiteTeam "Uxbridge F"]
[Black "Cole, Ted"]
[BlackElo "850"]
[BlackTeam "Surrey Kings 5"]
[Result "0-1"]
[PlyCount "48"]

1. e4 e5 2. Nf3 Nc6 3. Nc3 Bb4 4. Bc4 h6 5. a3 Bc5 6. O-O d6 7. d3 Nf6 8. Be3 Bxe3 9. fxe3 Bg4 10. h3 Bxf3 11. Rxf3 O-O 12. d4 exd4 13. exd4 Re8 14. Re3 Na5 15. Bb5 c6 16. Bd3 Qb6 17. g4 Qxd4 18. e5 Qxe3+ 19. Kh2 Qxe5+ 20. Kh1 Qe1+ 21. Qxe1 Rxe1+ 22. Kh2 Rxa1 23. Ne4 Nxe4 24. Bxe4 Re8 0-1

[Event "Junior Online 4NCL Division 4"]
[Site "online"]
[Date "2022.02.03"]
[EventDate "2022.02.03"]
[Round "2.156"]
[White "Choi, Ethan"]
[WhiteElo "927"]
[WhiteTeam "Surrey Kings 5"]
[Black "Tanisetty, Mithul"]
[BlackElo "1000"]
[BlackTeam "Uxbridge F"]
[Result "0-1"]
[PlyCount "49"]

1. e4 e5 2. Nf3 Nc6 3. Bc4 Bc5 4. Ng5 d6 5. Nxf7 Bxf2+ 6. Kxf2 d5 7. Bxd5 Nd4 8. Nxd8 Kxd8 9. Bxg8 Rxg8 10. c3 Ne6 11. b4 Rf8+ 12. Kg1 Ng5 13. d4 Nh3+ 14. gxh3 Bxh3 15. dxe5+ Kc8 16. Qh5 g6 17. Qxh3+ Kd8 18. Qxh7 Re8 19. Bg5+ Kc8 20. Qxg6 Rxe5 21. Na3 Rxe4 22. Rf1 Rg4+ 23. Kf2 Kd7 24. Rd1+ Kc8 25. Qg8# 1-0

[Event "Junior Online 4NCL Division 4"]
[Site "online"]
[Date "2022.02.03"]
[EventDate "2022.02.03"]
[Round "2.158"]
[White "Liu, Kieron"]
[WhiteElo "458"]
[WhiteTeam "Surrey Kings 5"]
[Black "Vijayakumar, Mrinali"]
[BlackElo "749"]
[BlackTeam "Uxbridge F"]
[Result "1-0"]
[PlyCount "75"]

1. c4 e5 2. Nc3 Bc5 3. g3 Qf6 4. Ne4 Qc6 5. Nxc5 Qxh1 6. Nf3 d6 7. Ne4 Nc6 8. e3 Nge7 9. c5 d5 10. Neg5 O-O 11. Nh4 Qxh2 12. Qh5 Rd8 13. Qxh7+ Kf8 14. Qh8+ Ng8 15. Ng6+ fxg6 16. Ne6+ Kf7 17. Qxg7+ Kxe6 18. Qxg6+ Ke7 19. Qg7+ Ke6 20. Qg6+ Nf6 21. d4 exd4 22. exd4 Nxd4 23. Bg5 Nf3+ 24. Ke2 Nxg5 25. Qxg5 b5 26. cxb6 Ba6+ 27. Ke1 cxb6 28. Bxa6 Qg1+ 29. Bf1 d4 30. Rc1 Ne4 31. Rc6+ Kd7 32. Qd5+ Nd6 33. Qxd6+ Ke8 34. Qf6 Qh1 35. Re6+ Kd7 36. Qf7+ Kc8 37. Rc6+ Kb8 38. Qc7# 1-0

[Event "Junior Online 4NCL Division 4"]
[Site "online"]
[Date "2022.02.03"]
[EventDate "2022.02.03"]
[Round "2.161"]
[White "Bollaboina, Aditya"]
[WhiteElo "1199"]
[WhiteTeam "Uxbridge E"]
[Black "Winlaw, Joseph"]
[BlackElo "1443"]
[BlackTeam "Chess Rising Stars"]
[Result "0-1"]
[PlyCount "138"]

1. e4 c6 2. Nf3 d5 3. e5 Bg4 4. Be2 e6 5. d4 c5 6. c3 Nc6 7. Qb3 Qc7 8. Na3 a6 9. Qa4 cxd4 10. Nxd4 Bxe2 11. Nxe2 Qxe5 12. Bf4 Qh5 13. Nb5 Kd7 14. Bg3 Bc5 15. Nbd4 Ne7 16. O-O b5 17. Qd1 Bxd4 18. Nxd4 Qxd1 19. Raxd1 Nxd4 20. Rxd4 Nf5 21. Rf4 f6 22. Rf3 Nxg3 23. Rxg3 g6 24. Rd3 Rhc8 25. Re1 a5 26. Rh3 h5 27. Rf3 Ke7 28. h3 b4 29. Rfe3 e5 30. f4 e4 31. g4 f5 32. gxh5 gxh5 33. Kf2 bxc3 34. bxc3 h4 35. Rd1 Ke6 36. Rb1 Rab8 37. Rb3 a4 38. Rb4 Rxb4 39. cxb4 Rc2+ 40. Re2 Rxe2+ 41. Kxe2 d4 42. a3 Kd5 43. Kd2 Kc4 44. Ke2 d3+ 45. Kd2 e3+ 46. Kxe3 Kc3 47. b5 d2 48. Ke2 Kc2 49. b6 d1=Q+ 50. Ke3 Qb1 51. Kd4 Qxb6+ 52. Ke5 Qb2+ 53. Kxf5 Qxa3 54. Kg5 Qxh3 55. f5 Qxf5+ 56. Kxf5 a3 57. Kg4 a2 58. Kxh4 a1=Q 59. Kg3 Qf1 60. Kg4 Qf2 61. Kg5 Qf3 62. Kg6 Qf4 63. Kg7 Qf5 64. Kh6 Qg4 65. Kh7 Kd3 66. Kh6 Ke4 67. Kh7 Kf5 68. Kh6 Kf6 69. Kh7 Qg7# 0-1

[Event "Junior Online 4NCL Division 4"]
[Site "online"]
[Date "2022.02.03"]
[EventDate "2022.02.03"]
[Round "2.162"]
[White "Iyengar, Rangan"]
[WhiteElo "1403"]
[WhiteTeam "Chess Rising Stars"]
[Black "Sharma, Aryan"]
[BlackElo "1140"]
[BlackTeam "Uxbridge E"]
[Result "1-0"]
[PlyCount "119"]

1. e4 e5 2. Nf3 Nc6 3. Bc4 Bc5 4. c3 Nf6 5. d4 exd4 6. cxd4 Nxd4 7. Nxd4 Bxd4 8. Qxd4 d6 9. Nc3 c5 10. Bb5+ Bd7 11. Bxd7+ Qxd7 12. Qd3 Qc6 13. Bg5 c4 14. Qd4 O-O-O 15. Bxf6 gxf6 16. O-O-O f5 17. exf5 Qxg2 18. Qxc4+ Qc6 19. Qxc6+ bxc6 20. Rhg1 Kb7 21. Rg7 Rd7 22. Rdg1 d5 23. Rg8 Rxg8 24. Rxg8 d4 25. Ne4 Kb6 26. Rg7 Re7 27. Nd6 Rd7 28. Nc4+ Kc5 29. Ne5 Rd5 30. Nxf7 Rxf5 31. Nh6 Rxf2 32. Rxa7 Rf1+ 33. Kc2 Rf2+ 34. Kb3 Rf3+ 35. Ka4 Kc4 36. b3+ Kc5 37. Ra5+ Kb6 38. Ra8 Rh3 39. Nf5 d3 40. Rd8 Rh5 41. Ne3 Ra5+ 42. Kb4 Rxa2 43. Nc4+ Kc7 44. Rxd3 Rxh2 45. Ne5 Rh5 46. Nf3 Rd5 47. Rxd5 cxd5 48. Kc5 Kb7 49. Kxd5 Kb6 50. Kc4 Kc6 51. b4 Kb6 52. b5 Kb7 53. Kc5 Kc7 54. b6+ Kb7 55. Kb5 Kb8 56. Kc6 Kc8 57. b7+ Kb8 58. Kb6 h5 59. Ne5 h4 60. Nd7# 1-0

[Event "Junior Online 4NCL Division 4"]
[Site "online"]
[Date "2022.02.03"]
[EventDate "2022.02.03"]
[Round "2.163"]
[White "Eshwar, Ananya"]
[WhiteElo "1047"]
[WhiteTeam "Uxbridge E"]
[Black "Kumar, Sachin"]
[BlackElo "1379"]
[BlackTeam "Chess Rising Stars"]
[Result "0-1"]
[PlyCount "116"]

1. d4 d5 2. Bf4 Nc6 3. e3 a6 4. Nf3 Bf5 5. Bd3 Bxd3 6. Qxd3 Nb4 7. Qd1 Nf6 8. Nbd2 e6 9. O-O Be7 10. Bg5 O-O 11. Bxf6 Bxf6 12. c3 Nc6 13. h3 Qd7 14. b4 b5 15. a3 a5 16. Re1 e5 17. dxe5 Nxe5 18. Nxe5 Bxe5 19. Rc1 axb4 20. axb4 Qd6 21. Nf3 Bf6 22. Qd3 c6 23. e4 Rfe8 24. exd5 Rxe1+ 25. Rxe1 Qxd5 26. Qxd5 cxd5 27. Rd1 Rd8 28. Nd4 Bxd4 29. Rxd4 f6 30. Kf1 Kf7 31. Ke2 Ke6 32. Kd3 g5 33. g3 Ra8 34. f4 Ra2 35. fxg5 fxg5 36. h4 Rg2 37. Rg4 gxh4 38. Rxh4 Rxg3+ 39. Kd4 Rg7 40. Rh6+ Rg6 41. Rxh7 Rg4+ 42. Kd3 Rg3+ 43. Kd4 Rg4+ 44. Kd3 Kd6 45. Rh6+ Kc7 46. Rh7+ Kb6 47. Rh6+ Kc7 48. Rf6 Rg7 49. Kd4 Rd7 50. Kc5 Rh7 51. Kxb5 Rh5 52. Kc5 Rh3 53. Rc6+ Kb7 54. Rb6+ Ka7 55. c4 dxc4 56. Rc6 c3 57. Kd5 Kb7 58. Kd4 Kxc6 0-1

[Event "Junior Online 4NCL Division 4"]
[Site "online"]
[Date "2022.02.03"]
[EventDate "2022.02.03"]
[Round "2.164"]
[White "Kumar, Arnav"]
[WhiteElo "1138"]
[WhiteTeam "Chess Rising Stars"]
[Black "Pandian, Naren"]
[BlackElo "1003"]
[BlackTeam "Uxbridge E"]
[Result "1-0"]
[PlyCount "47"]

1. e4 e5 2. Nf3 Nf6 3. Nxe5 Nc6 4. Nf3 Nxe4 5. Nc3 Nf6 6. Bc4 Bc5 7. O-O O-O 8. d4 Bd6 9. Bg5 h6 10. Bh4 a6 11. Nd5 Ne4 12. Bxd8 Rxd8 13. Re1 Nf6 14. Nxf6+ gxf6 15. Qd3 b5 16. Bb3 Bb7 17. Qf5 Kg7 18. Nh4 Ne7 19. Qg4+ Kh7 20. Nf5 Ng6 21. Nxd6 cxd6 22. Bxf7 Ne7 23. Rxe7 Rh8 24. Be8# 1-0

[Event "Junior Online 4NCL Division 4"]
[Site "online"]
[Date "2022.02.03"]
[EventDate "2022.02.03"]
[Round "2.165"]
[White "Winlaw, Joseph"]
[WhiteElo "1443"]
[WhiteTeam "Chess Rising Stars"]
[Black "Bollaboina, Aditya"]
[BlackElo "1199"]
[BlackTeam "Uxbridge E"]
[Result "0-1"]
[PlyCount "176"]

1. e4 e5 2. Nf3 Nf6 3. Nxe5 Nc6 4. Nxc6 dxc6 5. d3 Bc5 6. Be2 h5 7. c3 Ng4 8. d4 Bb6 9. h3 Nh6 10. Be3 Bd7 11. Nd2 Qe7 12. a4 a5 13. Bxh5 c5 14. Qb3 cxd4 15. Bxd4 Bxd4 16. cxd4 Nf5 17. Qxb7 Rd8 18. Bg4 Nxd4 19. Bxd7+ Rxd7 20. O-O Ne2+ 21. Kh1 Rxd2 22. Qb8+ Rd8 23. Qb5+ Kf8 24. Qxe2 Rd4 25. Rfe1 c5 26. b3 Rh4 27. Qb5 Rhxe4 28. Rxe4 Rxe4 29. Qb8+ Qe8 30. Qxe8+ Rxe8 31. Rc1 Rc8 32. g4 Ke7 33. Kg2 Kf6 34. Kf3 g5 35. Rc4 Rc6 36. Kg3 Ke5 37. f3 Kd5 38. f4 gxf4+ 39. Rxf4 Ke6 40. g5 Ke7 41. Kg4 Rb6 42. Rf3 Rb4+ 43. Kf5 c4 44. bxc4 Rxc4 45. Rf4 Rc5+ 46. Kg4 Kf8 47. h4 Kg7 48. Kh5 Rd5 49. Kg4 Kg6 50. h5+ Kg7 51. Rc4 Re5 52. Kf4 Rd5 53. Kg4 Re5 54. h6+ Kg6 55. Rc6+ Kh7 56. Kh5 Rf5 57. Rf6 Rxf6 58. gxf6 Kg8 59. Kh4 Kh7 60. Kg5 Kg8 61. Kf5 Kh7 62. Ke5 Kxh6 63. Kd6 Kg6 64. Ke7 Kf5 65. Kxf7 Ke5 66. Kg8 Kxf6 67. Kf8 Ke6 68. Ke8 Kd6 69. Kd8 Kc5 70. Kc7 Kb4 71. Kb6 Kxa4 72. Kc5 Kb3 73. Kd4 a4 74. Kd3 Kb2 75. Kc4 a3 76. Kd3 a2 77. Ke4 a1=Q 78. Ke5 Qd1 79. Ke6 Kc3 80. Kf6 Qe1 81. Kf5 Kd4 82. Kf4 Qf1+ 83. Kg5 Ke4 84. Kg4 Qg1+ 85. Kh5 Kf4 86. Kh6 Kf5 87. Kh7 Kf6 88. Kh8 Qg7# 0-1

[Event "Junior Online 4NCL Division 4"]
[Site "online"]
[Date "2022.02.03"]
[EventDate "2022.02.03"]
[Round "2.166"]
[White "Sharma, Aryan"]
[WhiteElo "1140"]
[WhiteTeam "Uxbridge E"]
[Black "Iyengar, Rangan"]
[BlackElo "1403"]
[BlackTeam "Chess Rising Stars"]
[Result "1/2-1/2"]
[PlyCount "61"]

1. e4 e5 2. Nf3 Nf6 3. Nxe5 Nc6 4. Nxc6 dxc6 5. Nc3 Bc5 6. Qe2 Ng4 7. Nd1 O-O 8. c3 f5 9. d4 Bb6 10. e5 c5 11. Qc4+ Kh8 12. h3 Nh6 13. Bxh6 gxh6 14. Bd3 cxd4 15. cxd4 Qxd4 16. O-O Bd7 17. Re1 Rfe8 18. Qxd4 Bxd4 19. Ne3 Rxe5 20. Rac1 Bxe3 21. fxe3 Bc6 22. Rc4 Rg8 23. e4 Bb5 24. Rc3 Bxd3 25. Rxd3 fxe4 26. Rd7 Reg5 27. Re2 R5g7 28. Rd4 Rg5 29. Rd7 R5g7 30. Rd4 Rg5 31. Rd7 1/2-1/2

[Event "Junior Online 4NCL Division 4"]
[Site "online"]
[Date "2022.02.03"]
[EventDate "2022.02.03"]
[Round "2.167"]
[White "Kumar, Sachin"]
[WhiteElo "1379"]
[WhiteTeam "Chess Rising Stars"]
[Black "Eshwar, Ananya"]
[BlackElo "1047"]
[BlackTeam "Uxbridge E"]
[Result "1-0"]
[PlyCount "63"]

1. e4 Nc6 2. d4 d5 3. e5 e6 4. Nf3 b6 5. Nc3 Bb4 6. Bd2 Bb7 7. a3 Bxc3 8. Bxc3 Nge7 9. Bd3 O-O 10. O-O Nf5 11. Bxf5 exf5 12. Qd3 Qd7 13. Rfe1 Rfe8 14. Qe3 Ba6 15. Qg5 h6 16. Qg3 Ne7 17. Bd2 Ng6 18. h4 c5 19. h5 Ne7 20. Bxh6 g6 21. Qg5 Kh7 22. dxc5 bxc5 23. e6 fxe6 24. Ne5 Qc7 25. hxg6+ Nxg6 26. Qxg6+ Kh8 27. Nf7+ Qxf7 28. Qxf7 Rg8 29. Rxe6 Bc8 30. Bg7+ Rxg7 31. Rh6+ Rh7 32. Rxh7# 1-0

[Event "Junior Online 4NCL Division 4"]
[Site "online"]
[Date "2022.02.03"]
[EventDate "2022.02.03"]
[Round "2.168"]
[White "Pandian, Naren"]
[WhiteElo "1003"]
[WhiteTeam "Uxbridge E"]
[Black "Kumar, Arnav"]
[BlackElo "1138"]
[BlackTeam "Chess Rising Stars"]
[Result "0-1"]
[PlyCount "92"]

1. e4 e5 2. Nc3 Bc5 3. Bc4 Nc6 4. h3 Nge7 5. Nf3 O-O 6. O-O d6 7. a3 a5 8. d3 Be6 9. Bxe6 fxe6 10. Be3 Bxe3 11. fxe3 d5 12. exd5 exd5 13. d4 e4 14. Ne5 Nxe5 15. dxe5 Qd7 16. Qd2 c6 17. Na4 Qc7 18. Qd4 Nf5 19. Qc5 Qxe5 20. Nb6 Rad8 21. Qxa5 Nxe3 22. Rxf8+ Rxf8 23. Nd7 Qxb2 24. Nxf8 Qxa1+ 25. Kf2 Nd1+ 26. Ke2 Nc3+ 27. Ke3 Qe1+ 28. Kd4 Ne2+ 29. Ke5 Qxa5 30. Nd7 Qc7+ 31. Ke6 Nd4+ 32. Ke7 Nf5+ 33. Ke6 Qxd7+ 34. Kxd7 e3 35. Ke6 e2 36. Kxf5 e1=Q 37. g4 Qe4+ 38. Kg5 h6+ 39. Kh4 g6 40. Kg3 Qe1+ 41. Kf3 Qe4+ 42. Kg3 d4 43. c4 Qe3+ 44. Kh4 g5+ 45. Kh5 Kg7 46. h4 Qe8# 0-1

[Event "Junior Online 4NCL Division 4"]
[Site "online"]
[Date "2022.02.17"]
[EventDate "2022.02.17"]
[Round "3.11"]
[White "Nguyen, Khai-Tam"]
[WhiteElo "1588"]
[WhiteTeam "Hilsmark Juniors 1"]
[Black "Tripathi, Advait"]
[BlackElo "973"]
[BlackTeam "Watford C"]
[Result "1/2-1/2"]
[PlyCount "128"]

1. e4 c5 2. Nf3 e6 3. Bc4 a6 4. d3 b5 5. Bb3 Nc6 6. c4 bxc4 7. Bxc4 Bb7 8. Nc3 h6 9. Be3 Be7 10. a3 Nf6 11. b4 cxb4 12. axb4 Bxb4 13. Bd2 Bxc3 14. Bxc3 O-O 15. Rb1 Qc7 16. e5 Ng4 17. Qe2 Rfe8 18. h3 Ngxe5 19. Nxe5 Nxe5 20. Bxe5 d6 21. Bf4 e5 22. Be3 d5 23. Bb3 d4 24. Bd2 Qc6 25. f3 Re7 26. O-O a5 27. Rbc1 Qb5 28. Bc4 Qd7 29. Qf2 Ba6 30. Bxa6 Rxa6 31. Qh4 a4 32. Qg3 Rg6 33. Qf2 Qxh3 34. Rc8+ Kh7 35. Ra8 Qd7 36. Bb4 Re8 37. Rxe8 Qxe8 38. f4 Rf6 39. Qg3 exf4 40. Rxf4 Rxf4 41. Qxf4 Qb5 42. Qxd4 Qg5 43. Qe4+ g6 44. Be7 Qc1+ 45. Kf2 a3 46. Qd5 Qc2+ 47. Ke3 Qc1+ 48. Ke2 Qb2+ 49. Kf1 a2 50. Qxf7+ Qg7 51. Qxa2 Qxe7 52. Qd2 Qf6+ 53. Kg1 Qd4+ 54. Kh2 h5 55. Kh3 Qg4+ 56. Kh2 h4 57. Qe3 g5 58. g3 hxg3+ 59. Qxg3 Qf5 60. Qh3+ Kg6 61. Qxf5+ Kxf5 62. Kg3 Ke5 63. Kg4 Kd4 64. Kxg5 Kxd3 1/2-1/2

[Event "Junior Online 4NCL Division 4"]
[Site "online"]
[Date "2022.02.17"]
[EventDate "2022.02.17"]
[Round "3.12"]
[White "Koripalli, Pooja"]
[WhiteElo "881"]
[WhiteTeam "Watford C"]
[Black "Lowe, Catherine"]
[BlackElo "1265"]
[BlackTeam "Hilsmark Juniors 1"]
[Result "1-0"]
[PlyCount "73"]

1. e4 c5 2. c3 Nc6 3. Nf3 Nf6 4. Qc2 g6 5. d4 cxd4 6. cxd4 d6 7. a3 Bg7 8. Bb5 Bd7 9. Nc3 a6 10. Bc4 O-O 11. Be3 Bg4 12. O-O-O Bxf3 13. gxf3 e6 14. Qd2 Re8 15. Bh6 Qc7 16. d5 exd5 17. exd5 Na5 18. Bxg7 Nxc4 19. Qg5 Kxg7 20. h4 Re5 21. Qg3 Nh5 22. Qg4 a5 23. Rhg1 Nf6 24. Qd4 Rc8 25. f4 Re7 26. h5 h6 27. f5 Qd8 28. fxg6 fxg6 29. Rxg6+ Kh7 30. Qxf6 Qf8 31. Qd4 Qf7 32. Qd3 Kh8 33. Rxh6+ Kg8 34. Rg1+ Kf8 35. Rh8+ Qg8 36. Rgxg8+ Kf7 37. Qg6# 1-0

[Event "Junior Online 4NCL Division 4"]
[Site "online"]
[Date "2022.02.17"]
[EventDate "2022.02.17"]
[Round "3.13"]
[White "Tam, Brian"]
[WhiteElo "1348"]
[WhiteTeam "Hilsmark Juniors 1"]
[Black "Kaye, Elliott"]
[BlackElo "860"]
[BlackTeam "Watford C"]
[Result "0-1"]
[PlyCount "100"]

1. e4 e5 2. Nf3 Nc6 3. Bc4 Bc5 4. c3 Nf6 5. d4 exd4 6. cxd4 Bb4+ 7. Bd2 Bxd2+ 8. Nbxd2 d5 9. Bd3 O-O 10. O-O h6 11. Re1 Be6 12. e5 Nd7 13. Qb3 a5 14. a4 Nb6 15. h3 Ne7 16. Rac1 c6 17. Nf1 Qc7 18. Ng3 Nd7 19. Qc2 g6 20. b3 Qc8 21. Ne2 Nf5 22. Nf4 Kh7 23. Nxe6 fxe6 24. g4 Ne7 25. Nh4 Rg8 26. Kg2 Qe8 27. Nf3 Kh8 28. Qd2 Qf8 29. b4 axb4 30. Qxb4 Rb8 31. Qd2 b6 32. a5 bxa5 33. Qxa5 Rc8 34. Qd2 g5 35. Qa5 Rg7 36. Qa7 Nb8 37. Ba6 Nxa6 38. Qxa6 Rf7 39. Re3 Ra8 40. Qe2 Ng6 41. Rxc6 Nf4+ 42. Kf1 Nxe2 43. Kxe2 Ra2+ 44. Kf1 Rxf3 45. Rxf3 Qxf3 46. Rc8+ Kh7 47. Rc7+ Kg8 48. Rc8+ Kg7 49. Rc7+ Kg6 50. Ke1 Qe2# 0-1

[Event "Junior Online 4NCL Division 4"]
[Site "online"]
[Date "2022.02.17"]
[EventDate "2022.02.17"]
[Round "3.15"]
[White "Tripathi, Advait"]
[WhiteElo "973"]
[WhiteTeam "Watford C"]
[Black "Nguyen, Khai-Tam"]
[BlackElo "1588"]
[BlackTeam "Hilsmark Juniors 1"]
[Result "1-0"]
[PlyCount "87"]

1. e4 d5 2. exd5 Qxd5 3. Nc3 Qd6 4. d4 e5 5. Nf3 exd4 6. Nxd4 Nc6 7. Qe2+ Be6 8. Nxe6 fxe6 9. g3 Nf6 10. Bh3 e5 11. O-O g6 12. f4 Bg7 13. fxe5 Qxe5 14. Qf2 O-O 15. Bf4 Qe7 16. Rae1 Qd8 17. Be6+ Kh8 18. Nb5 a6 19. Nxc7 Rb8 20. Nxa6 Ra8 21. Nc7 Rxa2 22. Bxa2 Ng4 23. Qb6 Qd4+ 24. Qxd4 Nxd4 25. Ne6 Nxe6 26. Rxe6 Bxb2 27. Rb6 Bd4+ 28. Kh1 Bxb6 29. Be5+ Nf6 30. Bxf6+ Rxf6 31. Rxf6 Bd8 32. Rf8+ Kg7 33. Rxd8 Kh6 34. Rb8 Kg5 35. Rxb7 h5 36. Rg7 Kh6 37. Rg8 g5 38. c4 g4 39. c5 Kh7 40. c6 Kh6 41. c7 Kh7 42. c8=Q Kh6 43. Qe6+ Kh7 44. Qg6# 1-0

[Event "Junior Online 4NCL Division 4"]
[Site "online"]
[Date "2022.02.17"]
[EventDate "2022.02.17"]
[Round "3.16"]
[White "Lowe, Catherine"]
[WhiteElo "1265"]
[WhiteTeam "Hilsmark Juniors 1"]
[Black "Koripalli, Pooja"]
[BlackElo "881"]
[BlackTeam "Watford C"]
[Result "1-0"]
[PlyCount "109"]

1. e4 e5 2. Nf3 Nc6 3. d4 exd4 4. Nxd4 Ne5 5. Nc3 Nf6 6. Bf4 d6 7. Nb3 Be6 8. Bxe5 dxe5 9. Qxd8+ Rxd8 10. Bd3 c5 11. Be2 c4 12. Nd2 Rc8 13. O-O Bb4 14. Rab1 Bxc3 15. bxc3 b6 16. Rb4 Rd8 17. Nxc4 O-O 18. f3 Nh5 19. g3 Bh3 20. Re1 f5 21. exf5 Rxf5 22. g4 Rg5 23. Kf2 Nf4 24. Kg3 Nxe2+ 25. Rxe2 Bf1 26. Rf2 Bxc4 27. Rxc4 b5 28. Rb4 a6 29. a4 a5 30. Rxb5 h5 31. Rxa5 Rd1 32. Ra8+ Kh7 33. Kh3 hxg4+ 34. fxg4 Rg1 35. Rg2 Rxg2 36. Kxg2 Rxg4+ 37. Kh3 Rg5 38. a5 e4 39. a6 e3 40. Re8 Rh5+ 41. Kg3 Rg5+ 42. Kf4 Ra5 43. Rxe3 Rxa6 44. Rh3+ Kg8 45. c4 Ra4 46. Rc3 Ra1 47. c5 Ra4+ 48. Ke3 Rh4 49. c6 Rh3+ 50. Kd4 Rxc3 51. Kxc3 Kf8 52. c7 Ke8 53. c8=Q+ Kf7 54. Kb3 g5 55. Qf5+ 1-0